Manual de direito tributário / (Record no. 508)

MARC details
000 -LÍDER
Campo Fixo de Controle 01045nam a2200241 a 4500
001 - NÚMERO DE CONTROLE
Campo de Controle 508
003 - IDENTIFICAÇÃO DO NÚMERO DE CONTROLE
Campo de Controle BR-CuiBMT
005 - DATA E HORA DA ÚLTIMA ATUALIZAÇÃO
Campo de Controle 20231127031325.0
008 - DADOS FIXOS
Dados Fixos 231108s2018 baba 000 0 por d
020 ## - INTERNATIONAL STANDARD BOOK NUMBER
Nº do ISBN 9788544220238
040 ## - AGÊNCIA CATALOGADORA
Código da Agência Catalogadora BR-CuiBMT
Agência que transcreveu o registro BR-CuiBMT
080 ## - Nº DA CLASSIFICAÇÃO DECIMAL UNIVERSAL
Nº edição CDU 2007
Nº Class. CDU 34:336.2
090 ## - NÚMERO DE CHAMADA
Nº classificação 34:336.2
Cutter M663m
Ano/Edição 5. ed.
100 1# - ENTRADA PRINCIPAL -- AUTOR PESSOAL
Nome pessoal Minardi, Josiane
245 10 - TÍTULO PRINCIPAL
Título principal Manual de direito tributário /
Indicação de responsabilidade Josiane Minardi.
250 ## - EDIÇÃO
Edição 5. ed., rev., atual. e ampl.
260 ## - PUBLICAÇÃO, DISTRIBUIÇÃO, ETC.
Local de publicação Salvador :
Editora JusPODIVM,
Data 2018.
300 ## - DESCRIÇÃO FÍSICA
N. páginas ou volumes 1199 p. :
Ilustrações il. ;
Dimensões 24 cm
500 ## - NOTAS GERAIS
Notas gerais Inclui: Questões de concursos comentadas. Quadros sinóticos. Destaques em 2ª cor para as partes mais importantes. Súmulas comentadas por assunto. Conforme LC 160/2017 - deliberações sobre a remissão dos créditos tributários decorrentes das isenções. Resolução 137/2017 do CGSN - Altera a resolução do Simples nacional. CPV/2015." - informações na capa.
504 ## - NOTA DE BIBLIOGRAFIA, ETC.
Nota de bibliografia Inclui bibliografia.
650 ## - ASSUNTO TÓPICO
Cabeçalho tópico ou nome geográfico Direito tributário
Subdivisão de forma Legislação
Subdivisão geográfica Brasil
942 ## - ELEMENTOS DE ENTRADA ADICIONAIS (KOHA)
Fonte de classificação ou esquema de arquivamento Classificação Decimal Universal
Tipo de item do Koha Livros
Holdings
Estado: removido Estado: perdido Fonte de classificação ou esquema de arquivamento Estado: danificado Indisponível para empréstimo Localização permanente Localização atual Data de aquisição Total Checkouts Número de Chamada completo Código de barras Date last seen Número do exemplar Preço efetivo a partir de Tipo de item (Koha)
    Classificação Decimal Universal     Biblioteca da Escola Superior de Contas do TCE/MT Biblioteca da Escola Superior de Contas do TCE/MT 23/04/2018   34:336.2 M663m 5. ed. BIBTCEMT23110270 08/11/2023 Ex. 1 08/11/2023 Livros

Powered by Koha